000 03300nam0a2200385 4500
001 RU\NLR\BIBL_A\011928589
005 20190215144915.0
010 _a978-5-91247-094-3
_925
021 _aRU
_bКН-П-18-100702
_9КН-П-18-7307
035 _a(NLR Aleph) 011928589
035 _a(RuMoRGB)009854685
090 _a11026434
_c11026434
100 _a20190206d2018 k y0rusy50 ca
101 0 _arus
102 _aRU
105 _aa|||z|||000zy
200 1 _aПроблемы злоупотребления лекарственными препаратами и новыми психоактивными веществами
_eматериалы IV Всероссийской научно-практической конференции с международным участием (23-25 мая 2018 года)
_fМинистерство здравоохранения Российской Федерации, Министерство образования и науки Пермского края, Федеральное государственное бюджетное образовательное учреждение высшего образования "Пермская государственная фармацевтическая академия" Министерства здравоохранения Российской Федерации (ФГБОУ ВО ПГФА Минздрава России), Совет молодых ученых, Совет студенческого научного общества
_g[редакционная коллегия: главный редактор к.фарм.н., доц. Турышев А. Ю. и др.]
210 _aПермь
_cФГБОУ ВО ПГФА Минздрава России
_d2018
215 _a129 с.
_cил., цв. ил., табл.
_d29
300 _aНа обл. подзаг.: IV Всероссийская научно-практическая конференция с международным участием (23-25 мая 2018 года)
320 _aБиблиогр. в конце ст.
606 1 _aНаркотики
_xТоксичность
_jСъезды, совещания и т.п
_2nlr_sh1
_2nlr_sh2
_3RU\NLR\AUTH\66780630
606 1 _aНаркомания
_xЭпидемиологический анализ
_jСъезды, совещания и т.п
_2nlr_sh1
_2nlr_sh2
_3RU\NLR\AUTH\661170087
686 1 _aР284.91я431(2)
686 1 _aР281.703-7я431(2)
686 1 _aР11(2) 062.645.1я431(2)
702 1 _aТурышев
_bА. Ю.
_gАлексей Юрьевич
_4340
711 1 2 _a"Проблемы злоупотребления лекарственными препаратами и новыми психоактивными веществами", всероссийская научно-практическая конференция с международным участием
_d2
_f2016
_eПермь
_3RU\NLR\AUTH\880433223
712 0 2 _aПермская государственная фармацевтическая академия
_3RU\NLR\AUTH\8810024489
_4475
942 _cBOOK
980 _aNBR
980 _aNB